000 00608nam a2200229Ia 4500
003 OSt
005 20220924151915.0
006 a|||||r|||| 00| 0
007 ta
008 220923b |||||||| |||| 00| 0 mar d
024 _a339619
037 _cTextual
040 _aARTS
_cARTS
_bmar
041 _2mar
_amar
082 _aO12,6C893,1, 155B1
100 _aCicero's
_9225230
245 0 _aSisrochi pahili don kyatlayanavareel bhasahney
260 _c1881
650 _aLATIN LANGUAGE
_927871
942 _hO12,6C893,1, 155B1
_cTEXL
_2CC
999 _c468015
_d468015